000 01095nam a2200277 i 4500
001 bg
111 2 _aInternational Congrss of Theoretical and Applied Mechanics
_n(21 ;
_d2004 ;
_cWarsaw).
245 0 0 _a21st International Congress of Theoretical and Applied Mechanics :
_bAugust 15-21, 2004 Warsaw, Poland : ICTAM04 abstracts and CD-ROM proceedings /
_ced. by W. Gutkowski & T. A. Kowalewski ; [IUTAM International Union of Theoretical and Applied Mechnaics].
260 _aWarszawa :
_bIPPT PAN,
_c2004.
300 _aVII, 445 s. ;
_c24 cm +
_eCD ROM.
504 _aIndeksy.
650 9 _aMechanika
_xteoria
650 9 _aMechanika płynów
650 9 _aMechanika stosowana
655 _aMateriały konferencyjne
700 1 _aGutkowski, Witold
_d(1928- ).
_eRed.
700 1 _aKowalewski, Tomasz A.
_eRed.
710 0 _aIUTAM |International Union of Theoretical and Applied Mechanics
020 _a8389687011
040 _cBPK
041 0 _aeng
080 _a531/534:539.3/.6:620.17](061)
920 _a83-89687-01-1
942 _cKS
008 s pl f |000 0 pol
999 _c46471
_d46471
856 _uhttp://koha.tu.koszalin.pl/cgi-bin/koha/opac-detail.pl?biblionumber=46471
_yKatalog online BPK